00445cam a2200157 a 4500020001500000041001200015082001500027100002600042245004200068260007000110300001900180650002400199650002400223650002400247650001600271 a8172149050 aEnglish a923.2bPAN1 aPanicker, P. L. John.10aGandhi on pluralism and communalism / aDelhi :bIndian Society for Promoting Christian Knowledge,c2006. axvii, 254 p. ; 0aReligious pluralism 0aReligious pluralism 0aReligious pluralism 0aCommunalism